<?xml version="1.0" encoding="UTF-8"?>
<record
    xmlns:xsi="http://www.w3.org/2001/XMLSchema-instance"
    xsi:schemaLocation="http://www.loc.gov/MARC21/slim http://www.loc.gov/standards/marcxml/schema/MARC21slim.xsd"
    xmlns="http://www.loc.gov/MARC21/slim">

  <leader>03857nam a2200565Ia 4500</leader>
  <controlfield tag="001">611</controlfield>
  <controlfield tag="008">241029s9999    xx            000 0 und d</controlfield>
  <datafield tag="010" ind1=" " ind2=" ">
    <subfield code="a">553</subfield>
  </datafield>
  <datafield tag="041" ind1=" " ind2=" ">
    <subfield code="a">Espa&#xF1;ol</subfield>
  </datafield>
  <datafield tag="082" ind1=" " ind2=" ">
    <subfield code="a">NO APLICA</subfield>
  </datafield>
  <datafield tag="245" ind1=" " ind2="0">
    <subfield code="a">Influencia de la Educaci&#xF3;n F&#xED;sica en el proceso de ense&#xF1;anza-aprendizaje en los ni&#xF1;os/as de 5 a 6 a&#xF1;os del Nivel Inicial, Colegio Nuestra Se&#xF1;ora del Perpetuo Socorro, FAD. Santo Domingo, Rep&#xFA;blica Dominicana. A&#xF1;o 2012-2013.</subfield>
  </datafield>
  <datafield tag="260" ind1=" " ind2=" ">
    <subfield code="a">Santo Domingo</subfield>
  </datafield>
  <datafield tag="300" ind1=" " ind2=" ">
    <subfield code="a">72</subfield>
  </datafield>
  <datafield tag="520" ind1=" " ind2=" ">
    <subfield code="a">30</subfield>
  </datafield>
  <datafield tag="630" ind1=" " ind2=" ">
    <subfield code="a">Ense&#xF1;anza-Aprendizaje</subfield>
  </datafield>
  <datafield tag="630" ind1=" " ind2=" ">
    <subfield code="a">Estrategia Docente</subfield>
  </datafield>
  <datafield tag="630" ind1=" " ind2=" ">
    <subfield code="a">Estudiantes</subfield>
  </datafield>
  <datafield tag="630" ind1=" " ind2=" ">
    <subfield code="a">Proceso de Ense&#xF1;anza-Aprendizaje</subfield>
  </datafield>
  <datafield tag="630" ind1=" " ind2=" ">
    <subfield code="a">Rendimiento Escolar</subfield>
  </datafield>
  <datafield tag="650" ind1=" " ind2=" ">
    <subfield code="a">Educaci&#xF3;n F&#xED;sica</subfield>
  </datafield>
  <datafield tag="690" ind1=" " ind2=" ">
    <subfield code="a">Elaborado</subfield>
  </datafield>
  <datafield tag="700" ind1=" " ind2=" ">
    <subfield code="e">asesor</subfield>
    <subfield code="a">P&#xE9;rez, Miledys </subfield>
  </datafield>
  <datafield tag="700" ind1=" " ind2=" ">
    <subfield code="e">autor</subfield>
    <subfield code="a">Dur&#xE1;n , Yubelki</subfield>
  </datafield>
  <datafield tag="901" ind1=" " ind2=" ">
    <subfield code="a">{"1":"Dur&#xE1;n "}</subfield>
    <subfield code="b">{"1":"Yubelki"}</subfield>
  </datafield>
  <datafield tag="902" ind1=" " ind2=" ">
    <subfield code="a">1</subfield>
  </datafield>
  <datafield tag="903" ind1=" " ind2=" ">
    <subfield code="a">{"1":"P&#xE9;rez"}</subfield>
    <subfield code="b">{"1":"Miledys "}</subfield>
  </datafield>
  <datafield tag="904" ind1=" " ind2=" ">
    <subfield code="a">Maestr&#xED;a en</subfield>
  </datafield>
  <datafield tag="905" ind1=" " ind2=" ">
    <subfield code="a">Educaci&#xF3;n</subfield>
  </datafield>
  <datafield tag="906" ind1=" " ind2=" ">
    <subfield code="a">1</subfield>
  </datafield>
  <datafield tag="907" ind1=" " ind2=" ">
    <subfield code="a">Menci&#xF3;n en</subfield>
  </datafield>
  <datafield tag="908" ind1=" " ind2=" ">
    <subfield code="a">Gesti&#xF3;n de Centros Educativos</subfield>
  </datafield>
  <datafield tag="909" ind1=" " ind2=" ">
    <subfield code="a">Universidad Abierta para Adultos (UAPA), Recinto Santo Domingo Oriental</subfield>
  </datafield>
  <datafield tag="910" ind1=" " ind2=" ">
    <subfield code="a">NULL</subfield>
    <subfield code="b">NULL</subfield>
  </datafield>
  <datafield tag="911" ind1=" " ind2=" ">
    <subfield code="a">["1"]</subfield>
  </datafield>
  <datafield tag="912" ind1=" " ind2=" ">
    <subfield code="a">NO APLICA</subfield>
  </datafield>
  <datafield tag="913" ind1=" " ind2=" ">
    <subfield code="a">NULL</subfield>
  </datafield>
  <datafield tag="914" ind1=" " ind2=" ">
    <subfield code="a">02 de Diciembre de 2013</subfield>
  </datafield>
  <datafield tag="915" ind1=" " ind2=" ">
    <subfield code="a">20/07/15 03:07</subfield>
  </datafield>
  <datafield tag="916" ind1=" " ind2=" ">
    <subfield code="a">NULL</subfield>
  </datafield>
  <datafield tag="917" ind1=" " ind2=" ">
    <subfield code="a">NULL</subfield>
  </datafield>
  <datafield tag="918" ind1=" " ind2=" ">
    <subfield code="a">NO APLICA</subfield>
  </datafield>
  <datafield tag="919" ind1=" " ind2=" ">
    <subfield code="a">["89","94","96","163","177"]</subfield>
  </datafield>
  <datafield tag="520" ind1=" " ind2=" ">
    <subfield code="a">Los principales prop&#xF3;sitos del estudio consistieron en identificar como influye la educaci&#xF3;n f&#xED;sica en los ni&#xF1;os y ni&#xF1;as del Nivel Inicial, identificar las actividades que se utilizan para impartir la Educaci&#xF3;n F&#xED;sica, se&#xF1;alar las estrategias que utiliza el maestro para impartir la Educaci&#xF3;n F&#xED;sica, &#xA0;identificar las habilidades que desarrolla la Educaci&#xF3;n F&#xED;sica, e Identificar los beneficios de la actividad f&#xED;sica.&#xA0;Esta investigaci&#xF3;n se plante&#xF3; con un enfoque cuantitativo, &#xA0;es de tipo descriptiva y de campo. El m&#xE9;todo utilizado fue el deductivo, las t&#xE9;cnicas empleadas fueron la encuesta, cuestionario y observaci&#xF3;n. La poblaci&#xF3;n de estudio fue de 30 &#xA0;alumnos del nivel inicial y 5 maestros de Educaci&#xF3;n F&#xED;sica, &#xA0;la muestra utilizada fue el total de la poblaci&#xF3;n. &#xA0; &#xA0; &#xA0; Los resultados obtenidos indican que &#xA0;la influencia en los ni&#xF1;os y ni&#xF1;as del nivel inicial evidenci&#xF3; &#xA0;que la Educaci&#xF3;n F&#xED;sica en los ni&#xF1;os y ni&#xF1;as influye significativamente en su mejoramiento f&#xED;sico y en el desarrollo de las habilidades motrices, &#xA0;los maestros utilizan como actividades para impartir la educaci&#xF3;n f&#xED;sica en un 50% los juegos dirigidos y otro 50% las actividades l&#xFA;dicas, &#xA0;entre las estrategias que utilizan est&#xE1;n los juegos motrices en un 40%, los trabajos dirigidos en un 20% y los ejercicios en el 40%. &#xA0;El 100% indica que la educaci&#xF3;n f&#xED;sica desarrolla las habilidades motrices b&#xE1;sicas, como son: caminar, saltar, correr, dominar su esquema corporal, son movimientos fundamentales que &#xA0;constituyen la base de las dem&#xE1;s habilidades espec&#xED;ficas. Los&#xA0; beneficios de la actividad f&#xED;sica son los siguientes: desarrolla la inteligencia motriz, mejora la salud, crecimiento adecuado, mayor seguridad emocional. Se demostr&#xF3; que la Educaci&#xF3;n F&#xED;sica influye en los procesos ense&#xF1;anza aprendizaje. El estudio recomienda a los maestros procurar ense&#xF1;ar globalmente, utilizar un lenguaje sencillo y claro, aplicar frases, canciones o refranes &#xA0;donde inviten y motiven al mismo tiempo al ni&#xF1;o en sus actividades f&#xED;sicas, evitar que los ni&#xF1;os se aglutinen, determinar lugares espec&#xED;ficos, preparar los recursos antes de iniciar la clase y ense&#xF1;ar a los ni&#xF1;os a ayudar en la colocaci&#xF3;n del material.</subfield>
  </datafield>
  <datafield tag="921" ind1=" " ind2=" ">
    <subfield code="a">16</subfield>
  </datafield>
  <datafield tag="922" ind1=" " ind2=" ">
    <subfield code="a">16</subfield>
  </datafield>
  <datafield tag="923" ind1=" " ind2=" ">
    <subfield code="a">0</subfield>
  </datafield>
  <datafield tag="924" ind1=" " ind2=" ">
    <subfield code="a">NO APLICA</subfield>
  </datafield>
  <datafield tag="942" ind1=" " ind2=" ">
    <subfield code="c">Tesis</subfield>
  </datafield>
  <datafield tag="999" ind1=" " ind2=" ">
    <subfield code="c">553</subfield>
    <subfield code="d">553</subfield>
  </datafield>
</record>
